Crónicas científicas y otros ensayos / (Record no. 13159)
[ view plain ]
| 000 -CABECERA | |
|---|---|
| campo de control de longitud fija | 00682nam a2200193 a 4500 |
| 001 - NÚMERO DE CONTROL | |
| campo de control | 000013536 |
| 005 - FECHA Y HORA DE LA ÚLTIMA TRANSACCIÓN | |
| campo de control | 20200929163249.0 |
| 008 - DATOS DE LONGITUD FIJA--INFORMACIÓN GENERAL | |
| campo de control de longitud fija | 091125s1942 dr r 000 0 spa d |
| 040 ## - FUENTE DE LA CATALOGACIÓN | |
| Centro catalogador/agencia de origen | DO-SdBNP |
| Lengua de catalogación | spa |
| Centro/agencia transcriptor | BNPHU |
| 082 ## - NÚMERO DE LA CLASIFICACIÓN DECIMAL DEWEY | |
| Número de clasificación | 610.8 |
| Número de documento/Ítem | P293c |
| 100 1# - ENTRADA PRINCIPAL--NOMBRE DE PERSONA | |
| Nombre de persona | Pastoriza Valverde, Tomás |
| 9 (RLIN) | 30870 |
| 245 10 - MENCIÓN DE TÍTULO | |
| Título | Crónicas científicas y otros ensayos / |
| Mención de responsabilidad, etc. | Tomás Pastoriza Valverde. |
| 260 ## - PUBLICACIÓN, DISTRIBUCIÓN, ETC. | |
| Lugar de publicación, distribución, etc. | Santiago de los Caballeros, República Dominicana : |
| Nombre del editor, distribuidor, etc. | El Diario, |
| Fecha de publicación, distribución, etc. | 1942. |
| 300 ## - DESCRIPCIÓN FÍSICA | |
| Extensión | 225 p. ; |
| Dimensiones | 22 cm. |
| 500 ## - NOTA GENERAL | |
| Nota general | Incluye notas al pie de las páginas |
| 590 ## - NOTA LOCAL (RLIN) | |
| Nota local | Inventariado, 2018/MFF |
| 650 #4 - PUNTO DE ACCESO ADICIONAL DE MATERIA--TÉRMINO DE MATERIA | |
| Término de materia o nombre geográfico como elemento de entrada | Medicina |
| Subdivisión de forma | ENSAYOS, CONFERENCIAS, ETC. |
| 9 (RLIN) | 19664 |
| 910 ## - DATOS DE OPCIÓN DEL USUARIO (OCLC) | |
| Datos de opción del usuario | Validado. Control de calidad MFF |
| Estado de retiro | Estado de pérdida | Restricciones de uso | No para préstamo | Código de colección | Localización permanente | Ubicación/localización actual | Ubicación en estantería | Fecha de adquisición | Número de inventario | Total de préstamos | Signatura topográfica completa | Código de barras | Fecha visto por última vez | Precio válido a partir de | Tipo de ítem Koha | Nota pública | Número de copia |
|---|---|---|---|---|---|---|---|---|---|---|---|---|---|---|---|---|---|
| Excluido de préstamo | Raros y valiosos | General | General | Depósito | 25.11.2009 | LF1 | 610.8 P293c | 13536-10 | 25.06.2020 | 25.06.2020 | No se presta | Perteneció a la biblioteca personal de Martínez Boog. | |||||
| Excluido de préstamo | Raros y valiosos | General | General | Depósito | 07.04.2010 | LF1 | 610.8 P293c | 13536-20 | 25.06.2020 | 25.06.2020 | No se presta | Perteneció a la biblioteca personal de Martínez Boog. | e. 2 | ||||
| Raros y valiosos | General | General | Depósito | 01.07.2011 | LF1 | 610.8 P293c | 13536-30 | 25.06.2020 | 25.06.2020 | Préstamo en sala | Perteneció a la biblioteca personal de Martínez Boog. | e. 3 | |||||
| Raros y valiosos | General | General | Depósito | 01.07.2011 | LF1 | 610.8 P293c | 13536-40 | 25.06.2020 | 25.06.2020 | Préstamo en sala | Perteneció a la biblioteca personal de Martínez Boog. | e. 4 |
